Gadamer i Wrocław /

Hlavní autor: Gadamer, Hans-Georg, 1900-2002
Další autoři: Wilk, Jadwiga, Bal, Karol, 1934-
Jazyk: Polština
Vydáno: Wrocław : Wydawnictwo Uniwersytetu Wrocławskiego, 1997
Edice: Acta Universitatis Wratislaviensis
Témata:
Fyzický popis: 210 s. : il. ; 21 cm
Knihy
Uloženo v:
LEADER 01562nam a2200433 a 4500
001 000255801
003 CZ BrMZK
005 20160525124405.0
008 010907s1997 pl f pol d
020 |a 83-229-1541-1 
040 |a BOA001  |b cze 
043 |a e-gx--- 
072 7 |a 101  |x Filozofie  |2 Konspekt  |9 5 
072 7 |a 929  |x Biografie  |2 Konspekt  |9 8 
080 |a 101-051  |2 MRF 
080 |a 929  |2 MRF 
080 |a 14(430)  |2 MRF 
080 |a 801.73  |2 MRF 
080 |a (430)  |2 MRF 
080 |a (043.3)  |2 MRF 
100 1 |a Gadamer, Hans-Georg,  |d 1900-2002  |7 jn20000601681  |4 hnr 
245 1 0 |a Gadamer i Wrocław /  |c pod redakcją Karola Bala i Jadwigi Wilk 
246 3 1 |a Gadamer und Breslau 
260 |a Wrocław :  |b Wydawnictwo Uniwersytetu Wrocławskiego,  |c 1997 
300 |a 210 s. :  |b il. ;  |c 21 cm 
490 1 |a Acta Universitatis Wratislaviensis ;  |v no 1922 
500 |a Souběž. tit. list něm. - Bibliogr. 
541 |a Wrocław, Biblioteka uniwersyteta 
600 1 7 |a Gadamer, Hans-Georg,  |d 1900-2002  |7 jn20000601681 
650 0 7 |a filozofové  |z Německo  |y 20.-21. století  |7 ph114540  |2 czenas 
650 0 7 |a německá filozofie  |7 ph123485  |y 20.-21. století  |2 czenas 
650 0 7 |a hermeneutika  |7 ph120687  |2 czenas 
655 7 |a disertace  |7 fd132024  |2 czenas 
700 1 |a Wilk, Jadwiga  |4 edt 
700 1 |a Bal, Karol,  |d 1934-  |7 ola2003204851  |4 edt 
830 0 |a Acta Universitatis Wratislaviensis 
910 |a BOA001  |b M2-1039.568 
990 |a BK 
996 7 |b 2610062076  |c M2-1039.568  |l MZK  |r Sklad / do 24 hodin  |n 4  |p vým  |w 000255801  |u 000010  |a 1  |e BOA001  |j MZK50  |s A